5HLuxD.jpg

KING HENRY VIII SENIOR AND PRIMARY SCHOOL LIBRARY OPAC

Easy questions, evil answers / (Record no. 2060)

000 -LEADER
fixed length control field 02329cam a22003497a 4500
001 - CONTROL NUMBER
control field 18964386
003 - CONTROL NUMBER IDENTIFIER
control field OSt
005 - DATE AND TIME OF LATEST TRANSACTION
control field 20230303105012.0
008 - FIXED-LENGTH DATA ELEMENTS--GENERAL INFORMATION
fixed length control field 160205s2010 enka j 000 0 eng
010 ## - LIBRARY OF CONGRESS CONTROL NUMBER
LC control number 2015458856
015 ## - NATIONAL BIBLIOGRAPHY NUMBER
National bibliography number GBB058299
Source bnb
016 7# - NATIONAL BIBLIOGRAPHIC AGENCY CONTROL NUMBER
Record control number 015545717
Source Uk
020 ## - INTERNATIONAL STANDARD BOOK NUMBER
International Standard Book Number 9781407114514 (pbk.)
035 ## - SYSTEM CONTROL NUMBER
System control number (OCoLC)ocn620330595
040 ## - CATALOGING SOURCE
Original cataloging agency UKM
Language of cataloging eng
Transcribing agency UKM
Modifying agency SINLB
-- YDXCP
-- OCLCQ
-- OCLCO
-- OCLCF
-- OCLCO
-- NTAUP
-- DLC
-- KH8
042 ## - AUTHENTICATION CODE
Authentication code lccopycat
082 04 - DEWEY DECIMAL CLASSIFICATION NUMBER
Classification number 510 POS
Edition number 22
100 1# - MAIN ENTRY--PERSONAL NAME
Personal name Poskitt, Kjartan.
Relator term author
245 10 - TITLE STATEMENT
Title Easy questions, evil answers /
Statement of responsibility, etc. by Kjartan Poskitt ; illustrated by Philip Reeve.
260 ## - PUBLICATION, DISTRIBUTION, ETC.
Place of publication, distribution, etc. London :
Name of publisher, distributor, etc. Scholastic,
Date of publication, distribution, etc. 2010.
300 ## - PHYSICAL DESCRIPTION
Extent 159 p. :
Other physical details ill. ;
Dimensions 20 cm.
505 0# - FORMATTED CONTENTS NOTE
Formatted contents note The suggestion box -- Some useful stuff -- Arithmetricks -- The formula board -- Pytho power -- When does 9-11=10? -- How far away is the horizon? -- How fast does the moon move? -- The Great Rhun and the box of one year's delight -- Calendar chaos! -- What is the very smallest measurement? -- How can you make a liar tell the truth? -- How far does a water current make you drift off course? -- What is the biggest shape you can put a fence around? -- How many snaps does it take to break up a chocolate bar? -- How many different nets of a cube are there? -- Did Dolly diddle the dodgy diamonds? -- Why can't you get a giant people-eating spider? -- What's that nasty thing in the basement? -- How many people in the world share your birthday? -- The shortest link -- A lot of hot air -- How do you make a perfect kite shape quickly? -- What is the biggest number? -- The curry burger problem -- How high is a kite? -- Can one giant sneeze blast the Earth out of orbit? -- The mysterious handcuffs -- Some unexpectedly evil football sums -- How much of Archimedes' bathwater is in every glass of water you drink? -- Goodbye!
650 #0 - SUBJECT ADDED ENTRY--TOPICAL TERM
Topical term or geographic name entry element Mathematics
Form subdivision Miscellanea
-- Juvenile literature.
650 #7 - SUBJECT ADDED ENTRY--TOPICAL TERM
Topical term or geographic name entry element Mathematics.
Source of heading or term fast
Authority record control number or standard number (OCoLC)fst01012163
655 #7 - INDEX TERM--GENRE/FORM
Genre/form data or focus term Juvenile works.
Source of term fast
Authority record control number or standard number (OCoLC)fst01411637
655 #7 - INDEX TERM--GENRE/FORM
Genre/form data or focus term Miscellanea.
Source of term fast
Authority record control number or standard number (OCoLC)fst01423854
700 1# - ADDED ENTRY--PERSONAL NAME
Personal name Reeve, Philip.
Relator term illustrator
800 1# - SERIES ADDED ENTRY--PERSONAL NAME
Personal name Poskitt, Kjartan.
Title of a work Murderous maths.
906 ## - LOCAL DATA ELEMENT F, LDF (RLIN)
a 7
b cbc
c copycat
d 2
e ncip
f 20
g y-gencatlg
942 ## - ADDED ENTRY ELEMENTS (KOHA)
Source of classification or shelving scheme
Koha item type Books - Non Ficton
Holdings
Withdrawn status Lost status Source of classification or shelving scheme Damaged status Not for loan Collection code Permanent Location Current Location Shelving location Date acquired Total Checkouts Full call number Barcode Date last seen Date last checked out Price effective from Koha item type
          Non-Fiction KH8 Primary School Library KH8 Primary School Library Non Fiction 2023-03-03 3 510 POS KHPL000003786 2025-12-05 2023-05-03 2023-03-03 Books - Non Ficton

Powered By KH8 IT Dept